Kälteste Länder der Welt - Statistiken

Allgemein
  • Dieses Quiz wurde 530 mal gespielt
    409 seit der letzten Aktualisierung
  • Das Durchschnittsergebnis liegt bei 27 aus 35
Antwortstatistiken
Platz Temperatur Antwort % Korrekt
2. -5,1°C Russland
100%
1. -5,35°C Kanada
98%
9. 2,1°C Schweden
98%
6. 1,7°C Finnland
97%
4. 1,5°C Norwegen
97%
32. 8,5°C Deutschland
95%
24. 7,5°C Dänemark
93%
7. 1,75°C Island
91%
33. 8,55°C Vereinigte Staaten
91%
10. 5,1°C Estland
89%
12. 5,6°C Lettland
89%
17. 6,2°C Litauen
88%
3. -0,7°C Mongolei
88%
27. 7,85°C Polen
88%
11. 5,5°C Schweiz
88%
21. 6,95°C China
87%
18. 6,35°C Österreich
86%
19. 6,4°C Kasachstan
85%
16. 6,15°C Weißrussland
85%
29. 8,3°C Ukraine
81%
31. 8,45°C Vereinigtes Königreich
79%
25. 7,55°C Tschechien
78%
13. 5,65°C Liechtenstein
71%
28. 8,1°C Nepal
71%
5. 1,55°C Kirgisistan
69%
20. 6,8°C Slowakei
69%
14. 5,7°C Nordkorea
68%
8. 2°C Tadschikistan
66%
30. 8,45°C Chile
63%
34. 8,65°C Luxemburg
55%
15. 5,8°C Georgien
53%
35. 8,8°C Rumänien
53%
23. 7,4°C Bhutan
51%
22. 7,15°C Armenien
50%
26. 7,6°C Andorra
32%
Keine übereinstimmenden Quizze gefunden
Verteilung der Resultate
Anzahl Personen mit jedem Resultat
Perzentil nach korrekt beantworteten Fragen
Ihre Resultats-Entwicklung
Sie haben dieses Quiz seit der letzten Aktualisierung nicht gespielt